V hale bola zima. Každý si praje hrať na šampionáte v peknej skončili na siedmom mieste. Cítim sklamanie, vraví opora

Bibliographic Details
Other Authors: Fotta, Patrik (Interviewer)
Format: Article
Language:Slovak
PhysicalDescription:Fotografie
ISSN:2585-7355
Subjects:
Online Access:https://sportnet.sme.sk/spravy/florbal-slovensko-michal-dudovic-rozhovor-ms-muzov-2020-2021/

MARC

LEADER 00000nab a2200000u 4500
001 vtls012081801
003 SK-MaSNL
005 20260303100031.0
008 211227|20211215xo ||||||| || ||slo|
038 |a KEVKJB 
040 |a KEVKJB  |b slo  |e rda 
041 0 |a slo 
043 |a e-xo--- 
044 |a xo  |c SK 
072 7 |a 796  |x Šport. Hry. Telesné cvičenia  |2 konspekt 
080 |a 796.355  |2 2011 
100 1 |a Fotta, Patrik  |4 ivr  |9 1086421 
245 1 0 |a V hale bola zima. Každý si praje hrať na šampionáte v peknej  |b skončili na siedmom mieste. Cítim sklamanie, vraví opora  |c Patrik Fotta, Michal Dudovič 
300 |b Fotografie 
336 |a text  |b txt  |2 rdacontent 
337 |a bez média  |b n  |2 rdamedia 
338 |a zväzok  |b nc  |2 rdacarrier 
600 1 7 |a Dudovič, Michal,  |d 1999-  |2 kevkjb  |9 1110212 
650 0 7 |a florbal  |2 SNKPH  |9 31731 
651 7 |a Košice (Slovensko)  |2 SNKPHgeo  |9 18694 
655 7 |a rozhovory  |2 SNKPH  |9 31831 
700 1 |a Dudovič, Michal,  |d 1999-  |4 ive  |9 1110212 
773 0 |t Korzár  |g Roč. XXIV., č. 289 (15.12.2021), s. 11  |x 2585-7355 
852 |a KEVKJB  |b KIS3GCP 
856 4 1 |u https://sportnet.sme.sk/spravy/florbal-slovensko-michal-dudovic-rozhovor-ms-muzov-2020-2021/ 
958 |a BX 
999 |c 1827799  |d 1829729